[Event "HUN-chT2 Barcza 1112 "]
[Site "Hungary"]
[Date "2011.09.25"]
[Round "1"]
[White "Kovacs, Apollon"]
[Black "Kun, Imre"]
[Result "0-1"]
[WhiteElo "2014"]
[BlackElo "2009"]
[PlyCount "84"]
[EventDate "2011.09.25"]
[EventType "team-tourn"]
[EventRounds "11"]
[EventCountry "HUN"]
[SourceTitle "EXT 2013"]
[Source "ChessBase"]
[SourceDate "2012.11.22"]
[SourceVersion "1"]
[SourceVersionDate "2012.11.22"]
[SourceQuality "1"]
[WhiteTeam "Sajoszentpeter"]
[BlackTeam "Nadudvar"]
[WhiteTeamCountry "HUN"]
[BlackTeamCountry "HUN"]

1. e4 e5 2. Nf3 Nf6 3. Nxe5 d6 4. Nf3 Nxe4 5. Nc3 Nf6 6. d4 Be7 7. Bd3 Nc6 8. h3 Nb4 9. Bc4 d5 10. Bb3 0-0 11. a3 Na6 12. Bg5 c6 13. 0-0 Nc7 14. Ne5 Bf5 15. Qf3 Be4 16. Qe2 Ne6 17. Be3 Bg6 18. f4 Be4 19. g4 g6 20. Kh2 c5 21. f5 Nxd4 22. Bxd4 cxd4 23. Nxe4 Nxe4 24. fxg6 hxg6 25. Nxg6 Qc7+ 26. Kg1 Qg3+ 27. Qg2 Qe3+ 28. Kh1 Bd6 29. Rf3 Ng3+ 30. Rxg3 Bxg3 31. Nxf8 Rxf8 32. Bxd5 Rc8 33. Rf1 Rc7 34. Bxb7 d3 35. cxd3 Qxd3 36. Be4 Qe3 37. Qf3 Qd4 38. Qxg3 Qxe4+ 39. Qg2 Qd3 40. Rf2 Rc1+ 41. Kh2 Qd6+ 42. Qg3 Rh1+ 0-1

[Event "HUN-chT2 Barcza 1011"]
[Site "Hungary"]
[Date "2011.04.17"]
[Round "9.7"]
[White "Kovacs, Apollon"]
[Black "Nagy, Laszlo Bence"]
[Result "1-0"]
[WhiteElo "1858"]
[BlackElo "1947"]
[PlyCount "120"]
[EventDate "2010.09.12"]
[EventType "team-tourn"]
[EventRounds "11"]
[EventCountry "HUN"]
[SourceTitle "EXT 2012"]
[Source "ChessBase"]
[SourceDate "2011.11.24"]
[SourceVersion "1"]
[SourceVersionDate "2011.11.24"]
[SourceQuality "1"]
[WhiteTeam "Sajoszentpeter"]
[BlackTeam "Piremon"]
[WhiteTeamCountry "HUN"]
[BlackTeamCountry "HUN"]

1. e4 c5 2. c3 d5 3. exd5 Qxd5 4. d4 Nc6 5. Nf3 Bg4 6. Be2 e6 7. c4 Qd6 8. d5 exd5 9. cxd5 Nb4 10. Nc3 0-0-0 11. 0-0 Nxd5 12. Qa4 Qe6 13. Ng5 Nxc3 14. Bxg4 Nxa4 15. Bxe6+ fxe6 16. Nf7 Rd7 17. Nxh8 g6 18. Rb1 Bg7 19. Nxg6 hxg6 20. b4 Nc3 21. Rb3 c4 22. Rb2 b5 23. Rc2 Ne7 24. Re1 Ned5 25. a3 Re7 26. Bb2 Kd7 27. g3 Na4 28. Bxg7 Rxg7 29. Rce2 Re7 30. f4 Nac3 31. Re5 Nf6 32. Rc1 Ncd5 33. Kg2 Ng4 34. Rg5 Nge3+ 35. Kf3 Rh7 36. h4 Nf5 37. Rxg6 Nde7 38. Rd1+ Nd5 39. Re1 c3 40. Ke4 Kd6 41. Kd3 Re7 42. h5 Nxg3 43. Rxg3 Nxf4+ 44. Kxc3 Nxh5 45. Rg5 Rc7+ 46. Kd2 Nf4 47. Rxb5 Rh7 48. Ra5 Rh2+ 49. Kc3 Nd5+ 50. Kc4 Rc2+ 51. Kb5 Nc7+ 52. Ka4 Rc3 53. Rxa7 Rxa3+ 54. Kxa3 Nb5+ 55. Ka4 Nxa7 56. b5 Nc8 57. Ka5 Ne7 58. Rd1+ Kc7 59. b6+ Kc8 60. Ka6 Nd5 1-0

[Event "HUN-chT U18"]
[Site "Miskolc"]
[Date "2010.11.03"]
[Round "3.18"]
[White "Kovacs, Apollon"]
[Black "Mikulas, Robert"]
[Result "1/2-1/2"]
[WhiteElo "1875"]
[BlackElo "1582"]
[PlyCount "98"]
[EventDate "2010.11.02"]
[EventType "team-swiss"]
[EventRounds "8"]
[EventCountry "HUN"]
[SourceTitle "EXT 2016"]
[Source "ChessBase"]
[SourceDate "2015.10.08"]
[SourceVersion "1"]
[SourceVersionDate "2015.10.08"]
[SourceQuality "1"]

1. e4 c5 2. b3 e6 3. Nf3 b6 4. Bb2 Bb7 5. Nc3 Nf6 6. e5 Nd5 7. Nxd5 Bxd5 8. d4 Nc6 9. dxc5 Bxc5 10. c4 Bxf3 11. Qxf3 Bb4+ 12. Bc3 Nxe5 13. Qg3 Bxc3+ 14. Qxc3 Qf6 15. Rd1 Rd8 16. Be2 0-0 17. 0-0 d5 18. f4 Ng4 19. Qf3 Nh6 20. cxd5 exd5 21. Rxd5 Rxd5 22. Qxd5 Rd8 23. Qf3 Nf5 24. Bc4 Qd4+ 25. Kh1 Ne3 26. Re1 Nxc4 27. bxc4 Qxc4 28. Qe3 Qe6 29. Qf2 Qd6 30. h3 h6 31. f5 Kf8 32. Qe3 Qf6 33. Qe4 Kg8 34. Rc1 Qd6 35. Rc6 Qd5 36. Qxd5 Rxd5 37. Rc8+ Kh7 38. Rc7 Ra5 39. Rxf7 Kg8 40. Rb7 Rxa2 41. g4 a5 42. Rxb6 Kf7 43. Ra6 a4 44. h4 a3 45. g5 hxg5 46. hxg5 Rf2 47. Ra7+ Kf8 48. Ra8+ Kf7 49. Ra7+ Kf8 1/2-1/2